| 000 | 00475 a2200157 4500 | ||
|---|---|---|---|
| 005 | 20250612103737.0 | ||
| 020 | _a978-0-367-64367-6 | ||
| 082 | _a510.246 BIR | ||
| 100 | _aBIRD, J. | ||
| 245 | _aBird's Basic Engineering Mathematics | ||
| 250 | _a8th Ed. | ||
| 260 |
_aLondon, _bTaylor & Francis Group, _c2021. |
||
| 300 |
_axii, 466p.: ill.; figure, picture, table. _bIndex. _c28cm. |
||
| 856 |
_yAccess online book _fMathematics _dwww.routledge.com/cw/bird |
||
| 942 |
_2ddc _cBKS |
||
| 999 |
_c3837 _d3837 |
||